Liber Usualis Missae et officii pro dominicis et festis cum cantu gregoriano: ex editione Vaticana Adamussim excerpto et rhythmicis signis in subsidium cantorum

Saved in:
Bibliografiske detaljer
Format: Bog
Sprog:latin
Udgivet: París Desclée & Socci 1947
Fag:
Tags: Tilføj Tag
Ingen Tags, Vær først til at tagge denne postø!

MARC

LEADER 00000nam a2200000 a 4500
001 UCZ3422
003 CL-VaPUC
008 951020e19470000FR |||||||||||||||||lat|d
082 0 4 |a 264.023  |b LIB  |2 21 
245 1 0 |a Liber Usualis Missae et officii pro dominicis et festis cum cantu gregoriano: ex editione Vaticana Adamussim excerpto et rhythmicis signis in subsidium cantorum 
300 |a 1921 p 
942 |c BK 
945 |d 19951020 00:00:00  |a lriquelm 
260 |a París  |b Desclée & Socci  |c 1947 
650 7 |a LITURGIA  |2 CL-VaPUC  |9 347193 
650 0 |a Canto gregoriano  |9 332477 
650 0 |a Música sacra  |9 306656 
583 |a last modification  |c 20130320 10:13:16  |k Rodrigo Vera 
999 |c 239899  |d 239897 
952 |0 0  |1 0  |4 0  |6 264_023000000000000_LIB_1947  |7 0  |8 P  |9 251398  |a BIBEDU  |b BIBEDU  |c BIBEDU_PB  |d 2019-11-18  |i 158779K  |l 1  |o 264.023 LIB 1947  |p 158779K  |r 2025-03-28  |s 2025-03-27  |w 2019-11-18  |y BK  |k FIL